00804nam a2200133Ia 4500008004100000020001500041100002500056245031500081260009000396300001500486650003200501999001900533952011800552180815s9999 xx 000 0 und d a9719222166 aSantos, Rhoderick R. cRhoderick R. Santos, Jose P. Aquino, Rolando A. Avante, Santos Jose O. Dacanay III, Rene B. Hapitan, Leila Y. Calderon-Kabigting, Joseph James F. Lago, Rommel Ronald M. Macapagal, Fulgencio A. Mossesgeld, Gregorio S. Navarro, Benito L. Teehankee.--aEssentials of investments in the Philippine capital market / aPhilippines :bSouthville International School and Colleges Systems Publicationc2004 a611 pages. aInvestments -- Philippines. c358335d358335 00102lcc40aAbAcNULLd2018-08-15eDONATIONl0oHG 4521 .S22 2004pC21592r2018-08-15 00:00:00w2018-08-15yBK